000 00184 a2200097 4500
020 _a9781426714160
041 _aeng
100 _aGerlach, Rita
245 _aBeyond the valley
942 _cBK
999 _c805
_d805